|
|
|
|
| LEADER |
02888nam a22003853i 4500 |
| 001 |
EBC6422503 |
| 003 |
MiAaPQ |
| 005 |
20231204023215.0 |
| 006 |
m o d | |
| 007 |
cr cnu|||||||| |
| 008 |
231204s2014 xx o ||||0 eng d |
| 020 |
|
|
|a 9781137476661
|q (electronic bk.)
|
| 020 |
|
|
|z 9781137476647
|
| 035 |
|
|
|a (MiAaPQ)EBC6422503
|
| 035 |
|
|
|a (Au-PeEL)EBL6422503
|
| 035 |
|
|
|a (OCoLC)1138967593
|
| 040 |
|
|
|a MiAaPQ
|b eng
|e rda
|e pn
|c MiAaPQ
|d MiAaPQ
|
| 050 |
|
4 |
|a P87-96
|
| 100 |
1 |
|
|a Rettberg, Jill W.
|
| 245 |
1 |
0 |
|a Seeing Ourselves Through Technology :
|b How We Use Selfies, Blogs and Wearable Devices to See and Shape Ourselves.
|
| 250 |
|
|
|a 1st ed.
|
| 264 |
|
1 |
|a London :
|b Palgrave Macmillan UK,
|c 2014.
|
| 264 |
|
4 |
|c Ã2014.
|
| 300 |
|
|
|a 1 online resource (110 pages)
|
| 336 |
|
|
|a text
|b txt
|2 rdacontent
|
| 337 |
|
|
|a computer
|b c
|2 rdamedia
|
| 338 |
|
|
|a online resource
|b cr
|2 rdacarrier
|
| 505 |
0 |
|
|a Intro -- 1 Written, Visual and Quantitative Self-Representations -- Writing about the self -- Visual self-portraits in history -- The history of quantitative self-representation -- Texts or people? -- Disciplining self-representations -- 2 Filtered Reality -- Technological and cultural filters -- Aestheticising, anesthetising and defamiliarising -- Choosing what technology can do -- Genres as filters -- A filtered world -- 3 Serial Selfies -- Cumulative self-presentations -- Time lapse selfies -- Profile photos as visual identity -- Automatic portraits -- 4 Automated Diaries -- Life poetry told by sensors -- Capture All -- A photo every 30 seconds -- Algorithms to find meaning -- Gamified lives -- 5Quantified Selves -- A fantasy of knowing -- Dataism and subjective data visualisation -- Measure more -- What we cannot measure -- The pleasure of control -- Machine vision -- 6 Privacy and Surveillance -- Forced portraits -- Who the advertisers think I am -- Power and discipline -- Seeing ourselves.
|
| 520 |
|
|
|a This book is open access under a CC BY license. Selfies, blogs and lifelogging devices help us understand ourselves, building on long histories of written, visual and quantitative modes of self-representations. This book uses examples to explore the balance between using technology to see ourselves and allowing our machines to tell us who we are.
|
| 588 |
|
|
|a Description based on publisher supplied metadata and other sources.
|
| 590 |
|
|
|a Electronic reproduction. Ann Arbor, Michigan : ProQuest Ebook Central, 2023. Available via World Wide Web. Access may be limited to ProQuest Ebook Central affiliated libraries.
|
| 655 |
|
4 |
|a Electronic books.
|
| 776 |
0 |
8 |
|i Print version:
|a Rettberg, Jill W.
|t Seeing Ourselves Through Technology
|d London : Palgrave Macmillan UK,c2014
|z 9781137476647
|
| 797 |
2 |
|
|a ProQuest (Firm)
|
| 856 |
4 |
0 |
|u https://ebookcentral.proquest.com/lib/matrademy/detail.action?docID=6422503
|z Click to View
|